| 000 | 01174cam a2200313 a 4500 | ||
|---|---|---|---|
| 001 | 1662 | ||
| 005 | 20231122161508.0 | ||
| 020 | _a9781575423081 | ||
| 040 |
_aDLC _cDLC _dQBX _dBTCTA _dYDXCP _dDLC _beng |
||
| 050 | 0 | 0 | _aLB3013.A332 |
| 082 | 0 | 0 | _a371.7 |
| 100 | 1 |
_aAgassi, Martine _d1966- |
|
| 245 | 1 | 0 |
_aHands are not for hitting / _cMartine Agassi ; illustrated by Marieka Heinlen. |
| 250 | _aRev. & updated. | ||
| 260 |
_bFree Spirit Publishing, _c2009 _aMinneapolis : |
||
| 300 |
_a35 pages : _bcolor illustrations ; _c24 cm |
||
| 500 | _a"For ages 4-7"--Cover. | ||
| 505 | _aK | ||
| 520 | _aDemonstrates that "hands are not for hitting" by suggesting many positive uses for them, such as saying hello, playing, creating, and helping. | ||
| 521 |
_a510
_bLexile AD |
||
| 521 |
_aK
_bRaz-Plus |
||
| 650 | 0 |
_aSchool violence _xPrevention _vJuvenile literature. |
|
| 650 | 0 |
_aAnger _vJuvenile literature. |
|
| 650 | 0 |
_aHand _vJuvenile literature. |
|
| 650 | 0 |
_aEarly childhood education _xActivity programs _vJuvenile literature. |
|
| 700 | 1 |
_aHeinlen, Marieka _eillustrator |
|
| 906 |
_a7 _bcbc _corignew _d1 _eecip _f20 _gy-gencatlg |
||
| 942 |
_2ddc _cBK _n0 |
||
| 999 |
_c1662 _d1662 |
||